000
00332nam a2200121Ia 4500
008
220216s9999 xx 000 0 und d
100
_a
Chung Gait Fee
245
0
_a
Bioefficacy of herbicides for weed control in immature rubber
650
_a
Bioefficacy
650
_a
Herbicides
650
_a
Immature rubber planting
942
_c
JS
999
_c
54768
_d
54768